000 00425nam a2200181Ia 4500
001 18146
005 20260306171609.0
008 260306s9999||||xx |||||||||||||| ||und||
041 _aESP
082 _a658.4012
_bH473
100 _aHrebiniak, Lawrence G.
_eAUT
245 0 _aImplementing strategy
260 _c1984
300 _a252 páginas :
_c23 cm.
650 _aGEN
654 _aCAN
942 _cLIB
_dJUS
_fJUS
_2ddc
_n
999 _c18146
_d18146